| 000 | 01647nam a2200181 4500 | ||
|---|---|---|---|
| 999 |
_c509620 _d509620 |
||
| 008 | 190516b ||||| |||| 00| 0 eng d | ||
| 100 |
_aDodge, Alexa _95695 |
||
| 245 | _aOnline sexual violence, child pornography or something else entirely? police responses to non-consensual intimate image sharing among youth | ||
| 260 | _c2018 | ||
| 300 | _ap.636-657. | ||
| 520 | _aDue to child pornography laws, non-consensual intimate image sharing among youth is subjected to complex legal landscapes in a variety of jurisdictions such as Canada, the United States, the United Kingdom, and Australia. While a growing number of scholars have problematized the use of child pornography charges to respond to these cases, there remains little understanding regarding how the police that enforce these laws conceptualize this issue and how this influences responses to these cases. Drawing from interviews with members of sex crime–related units in police service organizations from across Canada, this article examines how police conceptions of non-consensual intimate image sharing among youth correspond with and/or diverge from legal and critical understandings of this issue. While it is widely understood that online and digitally enabled forms of sexual violence pose unique challenges for police, our research fills a gap in the literature by examining how police themselves understand and respond to these challenges. - Reproduced. | ||
| 650 |
_aSexual violence _95696 |
||
| 650 |
_aOnline sexual violence _95697 |
||
| 700 |
_aSpencer, Dale C. _95698 |
||
| 773 | _aSocial and Legal Studies | ||
| 906 | _aChild pornography | ||
| 942 |
_2ddc _cAR |
||